UEFA Champions League Groups 2017/18 - Statistics

General Stats
  • This quiz has been taken 380 times
  • The average score is 24 of 32
Answer Stats
Answer % Correct
Manchester City
98%
Real Madrid
98%
Barcelona
97%
Liverpool
95%
Manchester United
95%
Borussia Dortmund
94%
Bayern Munich
93%
Juventus
93%
Atletico Madrid
92%
Chelsea
91%
Paris Saint-Germain
91%
Roma
87%
Sevilla
87%
Napoli
84%
Benfica
83%
Porto
80%
Monaco
76%
CSKA Moscow
68%
Sporting CP
67%
Celtic
65%
Feyenoord
65%
Shakhtar Donetsk
65%
RB Leipzig
64%
Tottenham Hotspur
60%
Anderlecht
58%
Basel
58%
Besiktas
56%
Spartak Moscow
55%
APOEL Nicosia
54%
Olympiacos
52%
Maribor
42%
Qarabağ
41%
No matching quizzes found
Score Distribution
Percent of People with Each Score
Percentile by Number Answered
Your Score History
You have not taken this quiz